Sports Quiz

Random Sports Quiz

Most valuable sports event brands Quiz Stats

 Plays Quiz not verified by Sporcle

Challenge
Share
Tweet
Embed
Score 0/10 Timer 05:00
0 Plays Today
Event % Correct
Super Bowl
96.6%
FIFA World Cup
82.5%
MLB World Series
76.8%
Summer Olympic Games
66.7%
Winter Olympic Games
66.2%
NBA Finals
65.7%
NCAA Men's Final Four
26.7%
Daytona 500
24.4%
Rose Bowl Game
23.2%
Kentucky Derby
16.6%

You're not logged in!

Compare scores with friends on all Sporcle quizzes.
OR
Log In

You Might Also Like...

Show Comments

Extras

Created Oct 2, 2009SourceReportNominate
Tags:brand, event, valuable

Top Quizzes Today


Score Distribution

Your Account Isn't Verified!

In order to create a playlist on Sporcle, you need to verify the email address you used during registration. Go to your Sporcle Settings to finish the process.

Report this User

Report this user for behavior that violates our Community Guidelines.

Details: